000 00835nam a22001577a 4500
003 OSt
005 20151006091800.0
008 151006b xxu||||| |||| 00| 0 eng d
040 _cRUA
082 _aAVM YOS 2003 B074 Or.1
100 _92100
_aYOS, SOPHOAN.
245 _athe study of usage corn bran on growth rate of hubbard broiler at the research station of royal university of agriculture (ការសិក្សាលើការប្រើប្រាស់កន្ទក់ពោតទៅលើការលូតលាស់របស់មាន់សាច់ពូជ hubbard នៅស្ថានីយ៍ចិញ្ចឹមសត្វនៃសាកលវិទ្យាល័យភូមិន្ទកសិកម្ម)
260 _aPhnom Penh
_bRUA
_c2003
300 _aviii, 45p.
_bill.
_c29cm.
942 _2ddc
_cAVM
999 _c1981
_d1981